| 000 | 02091agaaa2200313 4500 | ||
|---|---|---|---|
| 001 | 6585 | ||
| 003 | IT-RoPAU | ||
| 005 | 20220918181255.0 | ||
| 007 | d cvaizq | ||
| 008 | 50131s9999||||xx ||| | || ||und|| | ||
| 040 |
_aIT-RoPAU _cIT-RoPAU |
||
| 041 | _aITALIANO | ||
| 100 |
_aBay Michael _gCodice regista SPICS: 58583 _942640 |
||
| 130 |
_aPEARL HARBOR _950810 |
||
| 245 |
_aPEARL HARBOR _cProdotto da: Bay M. Bruckheimer J -- Sceneggiatura: Wallace Randall -- Diretto da: Bay Michael _pPEARL HARBOR (Rif. Codice opera principale : H6585) |
||
| 250 | _aEdizione Standard | ||
| 260 |
_a(USA) _bTOUCHSTONE PICTURES - JERRY BRUCKHEIMER F / Distribuzione: PANORAMA _g"2001 (1° ed.: 2006 ; Ed. Lingua Orig.: 2001)" |
||
| 300 |
_aDVD _bsonoro, col. _c176 minuti |
||
| 508 | _a"Fotografia: Schwartzman John; Montaggio: Lebenzon Chris; Musica: Zimmer Hans; Sceneggiatura: Wallace Randall; Scenografia: Phelps Nigel; " | ||
| 511 | _a"Affleck Ben; Hartnett Josh; Beckinsale Kate; Gooding Cuba; Jr.; Sizemore Tom; Voight J" | ||
| 520 | _aIN UNA TRANQUILLA DOMENICA MATTINA DI DICEMBRE, MENTRE I BAMBINI SONO INTENTI NEI LORO GIOCHI E LE FAMIGLIE RACCOLTE IN PREGHIERA, SQUADRONI DI AEREIDA GUERRA GIAPPONESI SFRECCIANO ROBOANTI NEI CIELI DEL PARADISO HAWAIANO SFERRANDO UN ATTACCO A SORPRESA CONTRO LE FORZE ARMATE STATUNITENSI DI BASE A PEARL HARBOR. IL TRISTE GIORNO CHE HA STRAPPATO L'AMERICA AL SUO PACIFICOISOLAMENTO CATAPULTANDOLA IN UNA GUERRA CHE HA ALTERATO IL CORSO DELLA STORIA, VIENE RIVISSUTO IN QUESTO RACCONTO DI PASSIONE, ROMANTICISMO E ONORE. E' RACCONTATO SEGUENDO LE VICENDE DI DUE GIOVANI E AUDACI PILOTI RAFE E DANNY E DELLA BELLA E SENSIBILE INFERMIERA EVELYN DI CUI SONO ENTRAMBI INNAMORATI. | ||
| 538 | _aPAL, STEREO | ||
| 546 | _aITALIANO | ||
| 650 |
_aGUERRA _eDVD-FILM [DVD] _xCodice MATERIA SPICS: 9947 _936913 |
||
| 700 |
_aBay Michael _e(regista) _gCodice regista SPICS: 58583 _942640 |
||
| 700 |
_aWallace Randall _e(soggetto) _gCodice Soggetto SPICS: 58584 _950811 |
||
| 700 |
_aZimmer Hans _e(musica) _gCodice Musica SPICS: 27223 _950812 |
||
| 942 |
_cDV _2ddc |
||
| 999 |
_c107180 _d107180 |
||